LIBRARY & INFORMATION CENTRE, KCAET, TAVANUR

ONLINE PUBLIC ACCESS CATALOGUE (OPAC)

Water management: | Conservation,Harvesting and Artificial recharge (Record no. 17695)

MARC details
000 -LEADER
fixed length control field 00431nam a22001697a 4500
003 - CONTROL NUMBER IDENTIFIER
control field OSt
008 - FIXED-LENGTH DATA ELEMENTS--GENERAL INFORMATION
fixed length control field 230510b |||||||| |||| 00| 0 eng d
020 ## - INTERNATIONAL STANDARD BOOK NUMBER
ISBN 9789393159212
041 ## - LANGUAGE CODE
Language code of text/sound track or separate title eng
082 ## - DEWEY DECIMAL CLASSIFICATION NUMBER
Classification number 628.1
Item number PAT/WA
100 ## - MAIN ENTRY--AUTHOR NAME
Personal name Patel, A.S
245 ## - TITLE STATEMENT
Title Water management:
Remainder of title Conservation,Harvesting and Artificial recharge
260 ## - PUBLICATION, DISTRIBUTION, ETC. (IMPRINT)
Place of publication London
Year of publication 2022
300 ## - PHYSICAL DESCRIPTION
Number of Pages 340
942 ## - ADDED ENTRY ELEMENTS (KOHA)
Koha item type Books
250 ## - EDITION STATEMENT
-- 2nd
260 ## - PUBLICATION, DISTRIBUTION, ETC. (IMPRINT)
-- New age international
Holdings
Withdrawn status Lost status Damaged status Collection code Home library Current library Shelving location Date acquired Source of acquisition Cost, normal purchase price Full call number Accession Number Koha item type
      General Books KAUAET KAUAET General Stacks 31/03/2023 EEDEEYOU 1199.00 628.1 PAT/WA BB 668 Book Bank scheme for SC students
      General Books KAUAET KAUAET General Stacks 25/03/2023 EEDEEYOU 1199.00 628.1 PAT/WA 26196 Books
free website counter